Detalles MARC
| 000 -LIDER |
| fixed length control field |
01138cam a2200385 4500 |
| 001 - NÚMERO DE CONTROL |
| Identificador de número de control |
a462 |
| 003 - IDENTIFICACDOR DE NÚMERO DE CONTROL |
| control field |
DO-SdBNP |
| 005 - DATE AND TIME OF LATEST TRANSACTION |
| control field |
20230313134339.0 |
| 007 - CAMPOS FIJOS DE DESCRIPCIÓN FÍSICA |
| fixed length control field |
a462 |
| 008 - ELEMENTOS DE LONGITUD FIJA |
| fixed length control field |
100302s2009 sp | |||| 000 f spa |
| 015 ## - NÚMERO DENTRO DE LA BIBLIOGRAFÍA NACIONAL |
| National bibliography number |
|
| 017 ## - NÚMERO DE REGISTRO DE DERECHOS DE AUTOR |
| Copyright or legal deposit number |
|
| Assigning agency |
|
| 020 ## - ISBN |
| International Standard Book Number |
9788466324717 |
| 035 ## - NÚMERO LOCAL |
| System control number |
|
| 040 ## - FUENTE DE CATALOGACIÓN |
| Agencia que crea de manera original el registro |
BPMSU |
| Idioma de catalogación |
spa |
| Agencia que realiza la transcripción |
BPMSU |
| Convenciones de la despripción |
|
| 080 ## - NÚMERO DE CLASIFICACIÓN DECIMAL UNIVERSAL |
| Universal Decimal Classification number |
|
| 082 #4 - NÚMERO DE CLASIFICACIÓN DECIMAL DE DEWEY |
| Classification number |
859.1 |
| Item number |
M958e 2009 |
| Edition number |
22 |
| 092 ## - LOCALLY ASSIGNED DEWEY DECIMAL CALL NUMBER |
| Número de ítem (Cutter) |
|
| 100 1# - ASIENTO PRINCIPAL -- NOMBRE PERSONAL |
| Nombre personal |
Müller, Herta |
| Fechas asociadas con el nombre |
1953- |
| 240 10 - TITULO UNIFORME |
| Título uniforme |
Niederungen |
| Idioma de una obra |
Español |
| 245 10 - MENCIÓN DE TITULO |
| Título |
En tierras bajas / |
| Mención de responsabilidad |
Herta Müller ; traducción de Juan José del Solar |
| Medio (Designación general de material) |
|
| 250 ## - MENCIÓN DE EDICION |
| Mención de edición |
|
| 260 ## - PUBLICACIÓN, DISTRIBUCIÓN, ETC. (PIE DE IMPRENTA) |
| Lugar de publicación, distribución, etc |
Madrid : |
| Nombre del editor, distribuidor, etc. |
Santillana Ediciones Generales, |
| Fecha de publicación, distribución, etc |
2009 |
| 300 ## - DESCRIPCIÓN FÍSICA |
| Extensión |
191 p.: |
| Dimensiones |
20 cm |
| 490 0# - MENCIÓN DE SERIES |
| Mención de serie |
Punto de lectura ; |
| -- |
Narrativa, |
| Volume/sequential designation |
386/1 |
| 534 ## - NOTA SOBRE LA VERSIÓN ORIGINAL |
| Asiento principal del original |
Título original : |
| Mención del título original |
Niederungen. |
| 586 ## - AWARDS NOTE |
| Awards note |
Premio Nobel, 2009 |
| 590 ## - NOTA LOCAL |
| Enlace |
Inventariado, 2023/VVM |
| 650 #4 - ENCABEZAMIENTO DE MATERIA--TEMÁTICO |
| Término temático o nombre geográfico como elemento de entrada |
Ensayos rumanos |
| Subdivisión geográfica |
|
| 650 #4 - ENCABEZAMIENTO DE MATERIA--TEMÁTICO |
| Término temático o nombre geográfico como elemento de entrada |
Cuentos autobiográficos. |
| 651 #4 - ENCABEZAMIENTO DE MATERIA--NOMBRE GEOGRÁFICO |
| Nombre geográfico |
Romania |
| Subdivisión temática general |
Política y gobierno |
| Subdivisión cronológica |
1944-1989 |
| Subdivisión de forma |
Cuentos |
| 700 1# - ASIENTO SECUNDARIO -- NOMBRE PERSONAL |
| Nombre personal |
Solar, Juán José del, |
| Mención de responsabilidad |
tr. |
| 910 ## - VALIDACIÓN |
| Validación |
VMateo V. Control de calidad (BPMSU) |
| 942 ## - ADDED ENTRY ELEMENTS (KOHA) |
| Source of classification or shelving scheme |
Dewey Decimal Classification |
| Koha item type |
Libros |